000 00654nam a22002417a 4500
001 24441
003 UA-OsUOA
005 20210726092638.0
007 ta
008 20040218b un ||||| |||| 00| 0 ukr d
020 _a9666900329
040 _aUA-OsUOA
_brus
_cUA-OsUOA
_dUA-OsUOA
041 _arus
044 _aRU
080 _a330.(075.8)
090 _a330.(075.8)
_bО-75
245 _aОснови економічної теорії
_bпідручник
_cред. Ю. В. Ніколенко
260 _aКиїв
_bЦУЛ
_c2003
300 _a540 с.
650 7 _2UDC
_a330 Економіка загалом
942 _cBK
_2udc
955 _a2
999 _c310712
_d310712